Library Banner

Deen ki hifaazat (Urdu) (Record no. 42468)

MARC details
000 -LEADER
fixed length control field 00512nam a2200181Ia 4500
001 - CONTROL NUMBER
control field 44475
008 - FIXED-LENGTH DATA ELEMENTS--GENERAL INFORMATION
fixed length control field 140428s9999 xx 000 0 und d
020 ## - INTERNATIONAL STANDARD BOOK NUMBER
International Standard Book Number NA
040 ## - CATALOGING SOURCE
Transcribing agency PK-LaUMT
082 ## - DEWEY DECIMAL CLASSIFICATION NUMBER
Classification number RHC 297.082
Item number ABD-D
100 ## - MAIN ENTRY--PERSONAL NAME
Personal name Abdul Hai, Abu Saleem Muhammad
245 ## - TITLE STATEMENT
Title Deen ki hifaazat (Urdu)
Remainder of title muslim khawateen kay karnay ka kaam
Statement of responsibility, etc Abdul Hai, Abu Saleem Muhammad
260 ## - PUBLICATION, DISTRIBUTION, ETC. (IMPRINT)
Place of publication, distribution, etc Lahore,Pakistan:
Name of publisher, distributor, etc Islamic Publications,
Date of publication, distribution, etc 1963
300 ## - PHYSICAL DESCRIPTION
Extent 120 p.
546 ## - LANGUAGE NOTE
Language note UR
650 ## - SUBJECT ADDED ENTRY--TOPICAL TERM
Topical term or geographic name as entry element Islam-Women
942 ## - ADDED ENTRY ELEMENTS (KOHA)
Koha item type Books
Holdings
Withdrawn status Lost status Damaged status Not for loan Home library Current library Date acquired Total Checkouts Full call number Barcode Date last seen Price effective from Koha item type
        UMT Main Campus UMT Main Campus 2014-04-28   RHC 297.082 ABD-D 48041 2014-05-06 2014-05-06 Books